Matemática 2-3 /

Guardado en:
Autor Principal: Giménez, María Alejandra
Otros Autores: Rasso, Marcela, Scarimbolo, Elizabeth, Orfano, Evelyn, Brizuela, María Fernanda; coord., Lanteri, Silvia; dir.
Formato: Libro
Publicado: Buenos Aires : Sm, 2017
Series:Conecta 2.0
Materias:
Etiquetas: Agregar Etiqueta
Sin Etiquetas, Sea el primero en etiquetar este registro!
LEADER 01387nam a22003135a 4500
001 CEM.cems014960
005 20181019161838.0
008 130507s2017##################000#0#####d
003 CEMS
020 |a 9789877310030 
082 0 4 |a Z510 
100 1 |a Giménez, María Alejandra 
245 1 0 |a Matemática 2-3 /  |c María Alejandra Giménez ... y Otros; coordinado Por María Fernanda Brizuela; dirigido Por Silvia Lanteri 
260 |a Buenos Aires :  |b Sm,  |c 2017 
300 |a 232 p. 
490 0 |a Conecta 2.0 
505 0 |a Números racionales -- Números reales -- Figuras y cuerpos. Movimientos en el plano -- Semejanza -- Trigonometría -- Funciones -- Ecuaciones e inecuaciones. Sistemas --Estadística -- Combinatoria y probabilidad -- Matemáquinas 
653 |a Matemática 
653 |a Libro de texto 
700 1 |a Rasso, Marcela 
700 1 |a Scarimbolo, Elizabeth 
700 1 |a Orfano, Evelyn 
700 1 |a Brizuela, María Fernanda; coord. 
700 1 |a Lanteri, Silvia; dir. 
859 |a CEMS  |b BIB. CEMS - 11 de abril  |h Z510  |i G429  |p 27612.18  |t Ej.1  |v II  |3 II 
859 |a CEMS  |b BIB. CEMS - 11 de abril  |h Z510  |i G429  |p 27613.18  |t Ej.2  |v II  |3 II 
859 |a CEMS  |b BIB. CEMS - 11 de abril  |h Z510  |i G429  |p 27614.18  |t Ej.3  |v II  |3 II 
859 |a CEMS  |b BIB. CEMS - 11 de abril  |h Z510  |i G429  |p 27615.18  |t Ej.4  |v II  |3 II 
859 |a CEMS  |b BIB. CEMS - 11 de abril  |h Z510  |i G429  |p 27616.18  |t Ej.5  |v II  |3 II